| Tag |
First Indicator |
Second Indicator |
Subfields |
| LEADER |
00000nam a2200000Ia 4500 |
| 001 |
in00004201839 |
| 005 |
20200806090723.0 |
| 006 |
m g d |
| 007 |
cr bn |||a|bb| |
| 008 |
080501s1709 enk o 000 0 eng d |
| 040 |
|
|
|a UMI
|e dcrb
|c UMI
|
| 035 |
|
|
|a (OCoLC)226858360
|
| 037 |
|
|
|a CL2105000002
|b ProQuest Information and Learning, 789 E. Eisenhower Parkway, Ann Arbor, MI 48108-3218
|
| 043 |
|
|
|a e-uk-en
|
| 045 |
|
|
|a v-v-
|
| 090 |
|
|
|a DA125
|b .H84 1709
|
| 049 |
|
|
|a UMIA
|
| 245 |
0 |
4 |
|a The tryal and conviction of the French committee, :
|b appointed for the management of the national charity to the poor French refugees, but fully proved guilty of mal-administration, and very foul practices, by their own account, published in 1707. by My Lord Chancellour's order. /
|c Written originally in French by Monsieur Narbouel, one of the distributors, and now done into English, with the addition of a preface, a post-script, and a sharp memorial presented to the late king by 77 French ministers, against the committee ...
|
| 250 |
|
|
|a The second edition;
|b to which is added a full answer to their late advertisement of Jan. 4. in the Post-man..
|
| 260 |
|
|
|a London, :
|b publisher not identified,
|c Printed in the year 1709 ...
|
| 300 |
|
|
|a 1 online resource ([4+] pages)
|
| 336 |
|
|
|a text
|b txt
|2 rdacontent
|
| 337 |
|
|
|a computer
|b c
|2 rdamedia
|
| 338 |
|
|
|a online resource
|b cr
|2 rdacarrier
|
| 500 |
|
|
|a "Price six pence."
|
| 500 |
|
|
|a Fragment: title page, and "An answer to the late advertisement of the French Committee" only.
|
| 500 |
|
|
|a Reproduction of original in: British Library.
|
| 510 |
4 |
|
|a Early English books tract supplement interim guide ;
|c E4:2[393-394].
|
| 533 |
|
|
|a Electronic reproduction.
|b Ann Arbor, Mich. :
|c UMI,
|d 1999-
|f (Early English books online)
|n Digital version of: (Early English books; Tract supplement ; E4:2[204-205, 206a])
|7 s1999 miun s
|
| 650 |
|
0 |
|a Huguenots
|z England
|v Early works to 1800.
|
| 650 |
|
0 |
|a Religious refugees
|z England
|v Early works to 1800..
|
| 700 |
1 |
|
|a Narbouel,
|c Monsieur.
|
| 830 |
|
0 |
|a Early English books online.
|
| 856 |
4 |
0 |
|u http://proxy.library.tamu.edu/login?url=https://search.proquest.com/docview/2264198689
|z Connect to the full text of this electronic book
|t 0
|
| 856 |
4 |
0 |
|u http://proxy.library.tamu.edu/login?url=https://search.proquest.com/docview/2264198706
|z Connect to the full text of this electronic book
|t 0
|
| 994 |
|
|
|a 02
|b UMI
|
| 999 |
f |
f |
|s 73c07cde-1c5e-3f0c-bed7-3a9dffe705cb
|i c1b8cb62-57e8-3570-a25a-0a26102129b4
|t 0
|
| 952 |
f |
f |
|a Texas A&M University
|b College Station
|c Electronic Resources
|d Available Online
|t 0
|e DA125 .H84 1709
|h Library of Congress classification
|
| 998 |
f |
f |
|a DA125 .H84 1709
|t 0
|l Available Online
|